<?xml version="1.0" encoding="UTF-8"?>
<record
    xmlns:xsi="http://www.w3.org/2001/XMLSchema-instance"
    xsi:schemaLocation="http://www.loc.gov/MARC21/slim http://www.loc.gov/standards/marcxml/schema/MARC21slim.xsd"
    xmlns="http://www.loc.gov/MARC21/slim">

  <leader>00730nam a2200205 a 4500</leader>
  <controlfield tag="001">BRCA_6059</controlfield>
  <controlfield tag="005">20190320205322.0</controlfield>
  <controlfield tag="008">170608s2001----mx-a---###---#000-0#spa-#</controlfield>
  <datafield tag="050" ind1=" " ind2="4">
    <subfield code="a">AM23</subfield>
    <subfield code="b">.E57 2001</subfield>
  </datafield>
  <datafield tag="100" ind1="1" ind2=" ">
    <subfield code="a">Enr&#xED;quez Cabrera, Susana</subfield>
    <subfield code="9">15294</subfield>
  </datafield>
  <datafield tag="245" ind1="1" ind2="0">
    <subfield code="a">Gu&#xED;a de los museos del Centro Hist&#xF3;rico de la Ciudad de M&#xE9;xico.</subfield>
  </datafield>
  <datafield tag="260" ind1=" " ind2=" ">
    <subfield code="a">Ciudad de M&#xE9;xico</subfield>
    <subfield code="c">2001</subfield>
  </datafield>
  <datafield tag="300" ind1=" " ind2=" ">
    <subfield code="a">142 p.</subfield>
    <subfield code="b">il.</subfield>
  </datafield>
  <datafield tag="502" ind1=" " ind2=" ">
    <subfield code="a">Tesis Licenciatura (Licenciada en Turismo) Instituto de Estudios Superiores de Turismo</subfield>
  </datafield>
  <datafield tag="650" ind1="1" ind2="4">
    <subfield code="a">Museos</subfield>
    <subfield code="v">Gu&#xED;as</subfield>
    <subfield code="x">Centro Hist&#xF3;rico</subfield>
    <subfield code="z">Ciudad de M&#xE9;xico</subfield>
    <subfield code="9">15295</subfield>
  </datafield>
  <datafield tag="700" ind1="1" ind2=" ">
    <subfield code="a">Solano V&#xE1;zquez, Ver&#xF3;nica</subfield>
    <subfield code="e">Coautor</subfield>
    <subfield code="9">15296</subfield>
  </datafield>
  <datafield tag="700" ind1="1" ind2=" ">
    <subfield code="a">Miranda Z&#xFA;&#xF1;iga, Ezequiel</subfield>
    <subfield code="e">asesor</subfield>
    <subfield code="9">15297</subfield>
  </datafield>
  <datafield tag="902" ind1=" " ind2=" ">
    <subfield code="a">TES</subfield>
  </datafield>
  <datafield tag="942" ind1=" " ind2=" ">
    <subfield code="2">lcc</subfield>
    <subfield code="c">TES</subfield>
  </datafield>
  <datafield tag="999" ind1=" " ind2=" ">
    <subfield code="c">5746</subfield>
    <subfield code="d">5746</subfield>
  </datafield>
  <datafield tag="952" ind1=" " ind2=" ">
    <subfield code="0">0</subfield>
    <subfield code="1">0</subfield>
    <subfield code="4">0</subfield>
    <subfield code="7">0</subfield>
    <subfield code="a">BRCA</subfield>
    <subfield code="b">BRCA</subfield>
    <subfield code="d">2011-05-24</subfield>
    <subfield code="l">0</subfield>
    <subfield code="o">AM23 .E57 2001</subfield>
    <subfield code="p">TES00025</subfield>
    <subfield code="r">2019-03-22 00:00:00</subfield>
    <subfield code="w">2019-03-22</subfield>
    <subfield code="y">TES</subfield>
  </datafield>
</record>
